| 000 | 00456nam a2200109Ia 4500 | ||
|---|---|---|---|
| 008 | 170221s9999 xx 000 0 und d | ||
| 100 | _aMuhammad Hudaya | ||
| 245 | 4 | _aThe Use of Accountability Reports and the Accountability Forum: Evidence from an Indonesian Local Government | |
| 245 | _cMuhammad Hudaya, Ciorstan Smark, Ted Watts, and Parulian Silaen | ||
| 650 | _xBusiness | ||
| 856 | _uhttp://ro.uow.edu.au/cgi/viewcontent.cgi?article=1630&context=aabfj | ||
| 999 |
_c307955 _d307955 |
||